000
00332pab a2200145 454500
008
180718b1987 xxu||||| |||| 00| 0 eng d
100
_a
Narasimha Rao, P.V.
245
_a
Main parameters of technology
260
_c
1987
300
_a
11-14
362
_a
26 Jan.
650
_a
Technology
773
_a
Mainstream
909
_a
19131
999
_c
19131
_d
19131